[Event "Open Mediterranean 2017"]
[Site "Rijeka CRO"]
[Date "2009.12.01"]
[Round "5.4"]
[White "Cebalo, Miso"]
[Black "Palac, Mladen"]
[Result "1/2-1/2"]
[WhiteElo "2483"]
[BlackElo "2578"]
[PlyCount "71"]
[EventDate "2009.11.28"]
[EventType "swiss"]
[EventRounds "9"]
[EventCountry "CRO"]
[Source "lmi"]
[SourceDate "2009.11.28"]

1. c4 Nf6 2. Nc3 e5 3. g3 d5 4. cxd5 Nxd5 5. Bg2 Nb6 6. d3 Be7 7. Nf3 Nc6 8.
O-O O-O 9. a3 Be6 10. b4 Nd4 11. Rb1 f6 12. Nd2 c6 13. e3 Nb5 14. Nxb5 cxb5 15.
Nb3 Na4 16. Bb2 Bd5 17. e4 Nxb2 18. Rxb2 Bf7 19. d4 exd4 20. Nxd4 g6 21. Rd2
Qb6 22. Qg4 Rfd8 23. Rfd1 a5 24. e5 fxe5 25. Nf5 Bf8 26. bxa5 Qxa5 27. Qg5 Rxd2
28. Rxd2 Qxa3 29. h4 Qc5 30. Kh2 Qc8 31. Ne3 Qe8 32. Nd5 Bxd5 33. Bxd5+ Kh8 34.
Bxb7 Rb8 35. Bc6 Qe7 36. Qxe7 1/2-1/2

[Event "Open Mediterranean 2017"]
[Site "Rijeka CRO"]
[Date "2009.12.01"]
[Round "5.5"]
[White "Martinovic, Sasa"]
[Black "Chatalbashev, Boris"]
[Result "1/2-1/2"]
[WhiteElo "2483"]
[BlackElo "2561"]
[PlyCount "64"]
[EventDate "2009.11.28"]
[EventType "swiss"]
[EventRounds "9"]
[EventCountry "CRO"]
[Source "lmi"]
[SourceDate "2009.11.28"]

1. d4 d6 2. c4 e5 3. Nf3 e4 4. Ng5 f5 5. Nc3 Be7 6. Nh3 Nf6 7. g3 O-O 8. Bg2 c5
9. d5 Nbd7 10. O-O Ne5 11. b3 Nh5 12. f3 Bf6 13. Qc2 Qe7 14. Kh1 e3 15. Bxe3
Nxc4 16. Bxc5 Ne3 17. Bxe3 Qxe3 18. Rac1 Bd7 19. Qd3 Rfe8 20. f4 Qxd3 21. exd3
Rac8 22. Nb1 Rxc1 23. Rxc1 Bb2 24. Rd1 Nf6 25. Bf3 Bd4 26. Na3 b5 27. Nc2 Bc5
28. Ng5 h6 29. Ne6 Bxe6 30. dxe6 Rxe6 31. b4 Bb6 32. Re1 Rxe1+ 1/2-1/2

[Event "Open Mediterranean 2017"]
[Site "Rijeka CRO"]
[Date "2009.12.01"]
[Round "5.6"]
[White "Safarli, Eltaj"]
[Black "Battaglini, Gabriel"]
[Result "1-0"]
[WhiteElo "2594"]
[BlackElo "2398"]
[PlyCount "54"]
[EventDate "2009.11.28"]
[EventType "swiss"]
[EventRounds "9"]
[EventCountry "CRO"]
[Source "lmi"]
[SourceDate "2009.11.28"]

1. e4 c6 2. d3 d5 3. Nd2 e5 4. Ngf3 Bd6 5. d4 exd4 6. exd5 cxd5 7. Nxd4 Nc6 8.
N2f3 Nf6 9. Be2 O-O 10. O-O Ne4 11. Be3 a6 12. Nxc6 bxc6 13. c4 Re8 14. cxd5
cxd5 15. Rc1 Bg4 16. h3 Bxf3 17. Bxf3 Bc7 18. Rc6 Rc8 19. Rxa6 Bb8 20. Bxe4
Rxe4 21. Qf3 Qc7 22. g3 Rce8 23. Ra3 Qd7 24. Rd1 Qxh3 25. Rxd5 Qe6 26. Rad3 h5
27. Rxh5 Qxa2 1-0

[Event "Open Mediterranean 2017"]
[Site "Rijeka CRO"]
[Date "2009.12.01"]
[Round "5.7"]
[White "Brumen, Dinko"]
[Black "Predojevic, Borki"]
[Result "0-1"]
[WhiteElo "2349"]
[BlackElo "2652"]
[PlyCount "48"]
[EventDate "2009.11.28"]
[EventType "swiss"]
[EventRounds "9"]
[EventCountry "CRO"]
[Source "lmi"]
[SourceDate "2009.11.28"]

1. d4 Nf6 2. Nf3 e6 3. c4 c5 4. d5 exd5 5. cxd5 d6 6. Nc3 g6 7. e4 Bg7 8. h3
O-O 9. Bd3 a6 10. a4 Re8 11. O-O Nbd7 12. Bf4 Nh5 13. Bxd6 Qb6 14. e5 Bxe5 15.
Bxe5 Nxe5 16. Nxe5 Rxe5 17. Qd2 Bd7 18. a5 Qb4 19. f4 Rxd5 20. Qe3 Rd4 21. Na2
Qxa5 22. b4 Qa3 23. Rf3 Re8 24. Qd2 Bc6 0-1

[Event "Open Mediterranean 2017"]
[Site "Rijeka CRO"]
[Date "2009.12.01"]
[Round "5.8"]
[White "Diermair, Andreas"]
[Black "Drazic, Sinisa"]
[Result "0-1"]
[WhiteElo "2341"]
[BlackElo "2519"]
[PlyCount "63"]
[EventDate "2009.11.28"]
[EventType "swiss"]
[EventRounds "9"]
[EventCountry "CRO"]
[Source "lmi"]
[SourceDate "2009.11.28"]

1. d4 Nf6 2. c4 c5 3. Nf3 cxd4 4. Nxd4 b6 5. Nc3 Bb7 6. f3 d6 7. e4 e6 8. Be3
Nbd7 9. Be2 Be7 10. O-O O-O 11. Qd2 a6 12. a4 Rb8 13. Rfd1 Re8 14. Kh1 Bf8 15.
Bf2 Qc7 16. Rac1 Ne5 17. b3 Rbc8 18. Bf1 h6 19. h3 Ng6 20. Bg3 Qc5 21. Nc2 Red8
22. Bf2 Qc7 23. Bg3 Rd7 24. a5 bxa5 25. Na4 Bc6 26. Nc5 dxc5 27. Bxc7 Rxd2 28.
Bxa5 Rxd1 29. Rxd1 Rb8 30. Rd3 Ne5 31. Re3 Ng6 32. Be2 0-1

[Event "Open Mediterranean 2017"]
[Site "Rijeka CRO"]
[Date "2009.12.01"]
[Round "5.9"]
[White "Saric, Ante"]
[Black "Plenca, Julijan"]
[Result "1/2-1/2"]
[WhiteElo "2471"]
[BlackElo "2317"]
[PlyCount "114"]
[EventDate "2009.11.28"]
[EventType "swiss"]
[EventRounds "9"]
[EventCountry "CRO"]
[Source "lmi"]
[SourceDate "2009.11.28"]

1. Nf3 Nf6 2. c4 c5 3. Nc3 d6 4. d4 cxd4 5. Nxd4 a6 6. g3 g6 7. Bg2 Qc7 8. Bg5
Nbd7 9. Qa4 Bg7 10. Bxf6 exf6 11. Nd5 Qd8 12. Qa3 Nc5 13. Nb3 Nxb3 14. Qxb3 O-O
15. O-O Re8 16. e3 Rb8 17. Nb6 Bf5 18. Rac1 Qc7 19. Rfd1 Re5 20. Rd4 Rb5 21.
cxb5 Qxc1+ 22. Rd1 Qc5 23. Na4 Qxb5 24. Qxb5 axb5 25. Nc3 Be6 26. Rxd6 b4 27.
Ne2 Bxa2 28. Rb6 Bf8 29. Nd4 Bc5 30. Rxb7 Rxb7 31. Bxb7 Kf8 32. Kf1 Bc4+ 33.
Ke1 f5 34. Kd2 Ke7 35. Kc2 Kd6 36. Nf3 f6 37. Nd2 Bf7 38. Ba6 g5 39. Bd3 Be6
40. Bc4 Bd7 41. Kd3 Bc6 42. Bg8 h6 43. Nb3 Bb5+ 44. Bc4 Bc6 45. Nd4 Be4+ 46.
Ke2 f4 47. gxf4 gxf4 48. f3 Bg6 49. Bd3 Bxd3+ 50. Kxd3 fxe3 51. Nf5+ Ke5 52.
Nxe3 h5 53. Ng2 Bf2 54. Kc4 Bd4 55. Kxb4 Bxb2 56. Kc4 Bc1 57. Kd3 Bh6 1/2-1/2

[Event "Open Mediterranean 2017"]
[Site "Rijeka CRO"]
[Date "2009.12.01"]
[Round "5.10"]
[White "Agaragimov, Djakhangir"]
[Black "Doric, Darko"]
[Result "1/2-1/2"]
[WhiteElo "2294"]
[BlackElo "2470"]
[PlyCount "148"]
[EventDate "2009.11.28"]
[EventType "swiss"]
[EventRounds "9"]
[EventCountry "CRO"]
[Source "lmi"]
[SourceDate "2009.11.28"]

1. Nf3 Nf6 2. g3 d5 3. Bg2 c6 4. O-O Bg4 5. d4 e6 6. Nbd2 Nbd7 7. Re1 Be7 8. e4
O-O 9. c3 c5 10. exd5 Nxd5 11. dxc5 Nxc5 12. Ne4 Qb6 13. Nxc5 Bxc5 14. Qe2 Rad8
15. h3 Bf5 16. Rd1 h6 17. Nd4 Bg6 18. a4 a6 19. a5 Qc7 20. h4 Kh8 21. h5 Bh7
22. Ra4 Be7 23. Nb3 Bf6 24. Kh2 Qd7 25. Rb4 Qc7 26. Bxd5 exd5 27. Rb6 Rfe8 28.
Qf3 Be4 29. Qg4 Bc2 30. Rd4 Bxd4 31. Nxd4 Bh7 32. Bf4 Qd7 33. Qd1 Re4 34. f3
Re7 35. g4 f6 36. Kg3 Qc8 37. Qb3 Red7 38. Qb4 Re8 39. Ne6 d4 40. Nxd4 Rf7 41.
Qb3 Rfe7 42. Qd5 Bg8 43. Qf5 Qc4 44. Rxf6 gxf6 45. Qxf6+ Rg7 46. Nf5 Qf7 47.
Be5 Rxe5 48. Qxe5 Qc7 49. Kf4 Qxe5+ 50. Kxe5 Rc7 51. Nxh6 Rc5+ 52. Kf6 Rc6+ 53.
Kg5 Be6 54. f4 Kg7 55. Nf5+ Bxf5 56. Kxf5 Kh6 57. Ke5 Rc4 58. Kf5 Rc8 59. Ke6
Rc6+ 60. Kd5 Rf6 61. Ke5 Rf8 62. c4 Rg8 63. b4 Rxg4 64. b5 Kxh5 65. bxa6 bxa6
66. c5 Rg1 67. c6 Rc1 68. Kd6 Kg4 69. c7 Kxf4 70. Kd7 Ke5 71. c8=Q Rxc8 72.
Kxc8 Kd6 73. Kb7 Kd7 74. Kxa6 Kc8 1/2-1/2

[Event "Open Mediterranean 2017"]
[Site "Rijeka CRO"]
[Date "2009.12.01"]
[Round "5.11"]
[White "Neubauer, Martin"]
[Black "Getz, Nicolai"]
[Result "1-0"]
[WhiteElo "2452"]
[BlackElo "2270"]
[PlyCount "86"]
[EventDate "2009.11.28"]
[EventType "swiss"]
[EventRounds "9"]
[EventCountry "CRO"]
[Source "lmi"]
[SourceDate "2009.11.28"]

1. d4 Nf6 2. c4 g6 3. Nc3 d5 4. cxd5 Nxd5 5. e4 Nxc3 6. bxc3 c5 7. Nf3 Bg7 8.
Rb1 O-O 9. Be2 Nc6 10. d5 Ne5 11. Nxe5 Bxe5 12. Qd2 e6 13. f4 Bc7 14. O-O exd5
15. exd5 Ba5 16. d6 b6 17. Bf3 Bf5 18. Bxa8 Bxb1 19. Bc6 Bf5 20. Re1 Qf6 21.
Bb2 Rd8 22. Re8+ Rxe8 23. Bxe8 a6 24. a4 Qd4+ 25. Qxd4 cxd4 26. cxd4 Kf8 27. d7
Ke7 28. Bxf7 Bxd7 29. Bb3 Bd2 30. g3 b5 31. axb5 axb5 32. Kf2 Bg4 33. Ba3+ b4
34. Bb2 Kd6 35. h3 Bf5 36. Ke2 Bc3 37. Bxc3 bxc3 38. g4 Be4 39. Ke3 Bg2 40. Kd3
g5 41. fxg5 Bxh3 42. Bg8 Bxg4 43. Bxh7 Kd5 1-0

[Event "Open Mediterranean 2017"]
[Site "Rijeka CRO"]
[Date "2009.12.01"]
[Round "5.12"]
[White "Medancic, Rikard"]
[Black "Loncar, Robert"]
[Result "1/2-1/2"]
[WhiteElo "2251"]
[BlackElo "2406"]
[PlyCount "90"]
[EventDate "2009.11.28"]
[EventType "swiss"]
[EventRounds "9"]
[EventCountry "CRO"]
[Source "lmi"]
[SourceDate "2009.11.28"]

1. d4 d5 2. c4 c6 3. Nf3 Nf6 4. Nc3 dxc4 5. a4 Bg4 6. Ne5 Bh5 7. f3 e6 8. e4
Bb4 9. Be2 Nfd7 10. Nxc4 Qh4+ 11. g3 Qd8 12. O-O O-O 13. Be3 Nb6 14. Ne5 a5 15.
Qb3 Na6 16. Nd3 Bd6 17. Nc5 Qc7 18. Nxa6 bxa6 19. e5 Bb4 20. Ne4 Nd5 21. Bf2
Rab8 22. Qc2 Be7 23. Rac1 Bg6 24. Qxc6 Qxc6 25. Rxc6 Rxb2 26. Bxa6 Nb4 27. Rb6
Bd8 28. Rb5 Rxf2 29. Kxf2 Nxa6 30. Rc1 Bxe4 31. fxe4 f6 32. Ke2 Nb4 33. Rc8
fxe5 34. Rxe5 Bb6 35. Rxf8+ Kxf8 36. Rb5 Bd8 37. Rb7 Bf6 38. Ra7 Nc6 39. Ra8+
Kf7 40. d5 exd5 41. exd5 Nd4+ 42. Kd3 Nb3 43. Kc4 Nd2+ 44. Kd3 Nb3 45. Kc4 Be7
1/2-1/2

[Event "Open Mediterranean 2017"]
[Site "Rijeka CRO"]
[Date "2009.12.01"]
[Round "5.13"]
[White "Drljevic, Ljilja"]
[Black "Bukal, Vladimir Jr"]
[Result "1/2-1/2"]
[WhiteElo "2218"]
[BlackElo "2387"]
[PlyCount "69"]
[EventDate "2009.11.28"]
[EventType "swiss"]
[EventRounds "9"]
[EventCountry "CRO"]
[Source "lmi"]
[SourceDate "2009.11.28"]

1. e4 g6 2. d4 Bg7 3. Nc3 c6 4. Nf3 d6 5. Bg5 Qb6 6. Qd2 Qxb2 7. Rb1 Qa3 8. Bc4
Qa5 9. O-O Qc7 10. Rfe1 b5 11. Bxb5 cxb5 12. Nxb5 Qd7 13. e5 dxe5 14. Nxe5 Bxe5
15. Rxe5 Kf8 16. Bh6+ Nxh6 17. Qxh6+ Kg8 18. d5 Qd8 19. Rbe1 e6 20. Nd4 Qf8 21.
Qh4 Nd7 22. R5e3 e5 23. Nc6 Kg7 24. Nxe5 Nxe5 25. Rxe5 Qc5 26. c4 Bd7 27. Qf4
Rhe8 28. h4 Rxe5 29. Qxe5+ Kg8 30. Qf6 Re8 31. Qd8 Kf8 32. d6 Qc6 33. Qf6 Kg8
34. h5 gxh5 35. Qg5+ 1/2-1/2

[Event "Open Mediterranean 2017"]
[Site "Rijeka CRO"]
[Date "2009.12.01"]
[Round "5.14"]
[White "Lekic, Dusan"]
[Black "Muslija, Idris"]
[Result "1-0"]
[WhiteElo "2387"]
[BlackElo "2223"]
[PlyCount "43"]
[EventDate "2009.11.28"]
[EventType "swiss"]
[EventRounds "9"]
[EventCountry "CRO"]
[Source "lmi"]
[SourceDate "2009.11.28"]

1. d4 Nf6 2. c4 e6 3. Nc3 d5 4. Nf3 c6 5. Bg5 Nbd7 6. e3 h6 7. Bh4 Qa5 8. Nd2
a6 9. a3 Bd6 10. c5 Bb8 11. f4 g5 12. Bg3 h5 13. fxg5 Bxg3+ 14. hxg3 Ng4 15.
Rxh5 Rxh5 16. Qxg4 Rh8 17. g6 f5 18. g7 Rg8 19. Qg6+ Ke7 20. Nf3 Qd8 21. Ng5
Qe8 22. Qxe6+ 1-0

[Event "Open Mediterranean 2017"]
[Site "Rijeka CRO"]
[Date "2009.12.01"]
[Round "5.15"]
[White "Kazhgaleyev, Murtas"]
[Black "Gandrud, Vegar Koi"]
[Result "1-0"]
[WhiteElo "2653"]
[BlackElo "2143"]
[PlyCount "36"]
[EventDate "2009.11.28"]
[EventType "swiss"]
[EventRounds "9"]
[EventCountry "CRO"]
[Source "lmi"]
[SourceDate "2009.11.28"]

1. d4 d5 2. c4 c6 3. Nc3 Nf6 4. e3 e6 5. Nf3 Nbd7 6. Bd3 dxc4 7. Bxc4 b5 8. Bd3
a6 9. a4 Bb7 10. O-O b4 11. Ne4 c5 12. Nxf6+ Nxf6 13. dxc5 Bxc5 14. Qe2 Qc7 15.
e4 O-O 16. Bg5 Nd7 17. Rac1 Ne5 18. Be3 Qd6 1-0

[Event "Open Mediterranean 2017"]
[Site "Rijeka CRO"]
[Date "2009.12.01"]
[Round "5.16"]
[White "Gajewski, Grzegorz"]
[Black "Juranic, Bruno"]
[Result "1-0"]
[WhiteElo "2561"]
[BlackElo "2214"]
[PlyCount "64"]
[EventDate "2009.11.28"]
[EventType "swiss"]
[EventRounds "9"]
[EventCountry "CRO"]
[Source "lmi"]
[SourceDate "2009.11.28"]

1. d4 Nf6 2. c4 e6 3. Nc3 Bb4 4. Nf3 b6 5. e3 Bb7 6. Bd3 Ne4 7. O-O Bxc3 8.
bxc3 O-O 9. Ne1 f5 10. f3 Nf6 11. Qc2 d6 12. e4 fxe4 13. fxe4 Nbd7 14. Nf3 e5
15. c5 Qe7 16. cxd6 cxd6 17. Ba3 Kh8 18. dxe5 Nxe5 19. Nxe5 Qxe5 20. Rf5 Qe6
21. e5 Ng4 22. Raf1 Rfe8 23. Rh5 h6 24. Bxd6 Ne3 25. Qe2 Nxf1 26. Qxf1 Qg4 27.
Rh3 Qe6 28. Qf4 Rad8 29. Rg3 a6 30. h3 b5 31. Rg6 Rd7 32. Rg3 Rdd8 1-0

[Event "Open Mediterranean 2017"]
[Site "Rijeka CRO"]
[Date "2009.12.01"]
[Round "5.17"]
[White "Franciskovic, Vinko"]
[Black "Jovanic, Ognjen"]
[Result "0-1"]
[WhiteElo "2108"]
[BlackElo "2552"]
[PlyCount "114"]
[EventDate "2009.11.28"]
[EventType "swiss"]
[EventRounds "9"]
[EventCountry "CRO"]
[Source "lmi"]
[SourceDate "2009.11.28"]

1. e4 c5 2. Nf3 e6 3. d4 cxd4 4. Nxd4 Nc6 5. Nb5 d6 6. c4 Nf6 7. N1c3 a6 8. Na3
b6 9. Be2 Bb7 10. O-O Be7 11. Nc2 Rc8 12. Ne3 Ne5 13. f3 O-O 14. Kh1 Qc7 15. b3
b5 16. Bb2 b4 17. Nb1 Rfd8 18. Nd2 Ng6 19. Re1 Qb8 20. Qc2 d5 21. exd5 Nxd5 22.
Nxd5 Rxd5 23. Bd3 Rh5 24. Nf1 Bd6 25. Bxg6 hxg6 26. Qe2 Rcc5 27. Bd4 Rcf5 28.
Bg1 Be5 29. Rac1 Qa8 30. Red1 Rxf3 31. Rd7 Rff5 32. Rcd1 Bf6 33. Ng3 Re5 34.
Qf1 Rhf5 35. Nxf5 Rxf5 36. Qe2 Rg5 37. Rxb7 Qxb7 38. Bd4 Qc7 39. g3 Qc6+ 40.
Kg1 Kh7 41. Qe3 Ra5 42. Bxf6 Rxa2 43. Rd2 Rxd2 44. Qxd2 gxf6 45. Qxb4 Kg7 46.
Qc3 Qc5+ 47. Kf1 a5 48. Ke2 e5 49. Qe3 Qxe3+ 50. Kxe3 f5 51. h4 Kf6 52. Kf3 Ke6
53. g4 e4+ 54. Kf4 fxg4 55. Kxe4 f5+ 56. Kf4 Kd6 57. Kg3 Ke5 0-1

[Event "Open Mediterranean 2017"]
[Site "Rijeka CRO"]
[Date "2009.12.01"]
[Round "5.18"]
[White "Kovacevic, Blazimir"]
[Black "Tjolsen, Katrine"]
[Result "1-0"]
[WhiteElo "2430"]
[BlackElo "2194"]
[PlyCount "101"]
[EventDate "2009.11.28"]
[EventType "swiss"]
[EventRounds "9"]
[EventCountry "CRO"]
[Source "lmi"]
[SourceDate "2009.11.28"]

1. c4 Nf6 2. Nc3 e6 3. d4 Bb4 4. e3 c5 5. Bd3 Nc6 6. Nf3 Bxc3+ 7. bxc3 d6 8. e4
e5 9. d5 Ne7 10. Nh4 h6 11. g3 g5 12. Ng2 Bh3 13. Ne3 Kd7 14. Qe2 Kc7 15. f3 h5
16. Nd1 Qg8 17. Nf2 Bd7 18. Be3 Nh7 19. O-O-O a6 20. Kb2 Nf8 21. Rhg1 f6 22. f4
Qg6 23. Qd2 Rg8 24. Qc1 Qf7 25. Be2 Nh7 26. Ka1 b6 27. Rdf1 Rae8 28. Qd1 g4 29.
fxe5 fxe5 30. Nxg4 Qg6 31. Nh6 Qxe4 32. Nxg8 Qxe3 33. Rf3 Qg5 34. Nxe7 Rxe7 35.
Rgf1 Qg6 36. R3f2 Be8 37. Rf5 Bd7 38. Bxh5 Qxf5 39. Rxf5 Bxf5 40. Qf3 Bd7 41.
Bg6 Rg7 42. Bd3 Bg4 43. Qf2 Bh5 44. Bxh7 Rxh7 45. Qf5 Rh8 46. h4 Be8 47. Qg5
Bd7 48. Kb2 b5 49. h5 e4 50. h6 e3 51. Qxe3 1-0

[Event "Open Mediterranean 2017"]
[Site "Rijeka CRO"]
[Date "2009.12.01"]
[Round "5.19"]
[White "Arvola, Benjamin"]
[Black "Rukavina, Josip"]
[Result "1/2-1/2"]
[WhiteElo "2207"]
[BlackElo "2428"]
[PlyCount "119"]
[EventDate "2009.11.28"]
[EventType "swiss"]
[EventRounds "9"]
[EventCountry "CRO"]
[Source "lmi"]
[SourceDate "2009.11.28"]

1. e4 d6 2. Nc3 c5 3. Nf3 e5 4. Bc4 Be7 5. Nd5 Nf6 6. Nxe7 Qxe7 7. d3 Be6 8.
Bb5+ Bd7 9. a4 h6 10. O-O O-O 11. c3 Nc6 12. h3 a6 13. Bc4 Be6 14. Bxe6 fxe6
15. a5 Qc7 16. Qa4 Nh5 17. Ne1 Rf6 18. Kh2 Raf8 19. Be3 Qf7 20. Qd1 Nf4 21. g3
Ng6 22. Ng2 Qc7 23. Qa4 R8f7 24. Kg1 Nf8 25. Bd2 Nd7 26. Ne3 Rg6 27. Kg2 Nf6
28. Kh2 Nh7 29. h4 h5 30. f3 Rgf6 31. Kg2 Qd8 32. g4 Rf4 33. Kg3 g5 34. gxh5
gxh4+ 35. Kh2 Ng5 36. Nf5 R7xf5 37. exf5 Rxa4 38. Rxa4 Kh7 39. Rg4 Nxf3+ 40.
Rxf3 e4 41. Rxe4 Ne5 42. Rf2 exf5 43. Rxf5 Qg8 44. Rxh4 Qd5 45. Rhf4 Qxd3 46.
Be1 Qe2+ 47. Bf2 Qxb2 48. c4 Qe2 49. Kh3 Qf1+ 50. Kh4 Qg2 51. Bg3 Qh1+ 52. Kg5
Qg2 53. Kh4 Qh1+ 54. Kg5 Qh3 55. Bh4 Qg2+ 56. Kf6 Qg7+ 57. Ke6 Qd7+ 58. Kd5
Qc6+ 59. Ke6 Qd7+ 60. Kd5 1/2-1/2

[Event "Open Mediterranean 2017"]
[Site "Rijeka CRO"]
[Date "2009.12.01"]
[Round "5.20"]
[White "Dancevski, Orce"]
[Black "Kozarcanin, Sead"]
[Result "1/2-1/2"]
[WhiteElo "2418"]
[BlackElo "2187"]
[PlyCount "94"]
[EventDate "2009.11.28"]
[EventType "swiss"]
[EventRounds "9"]
[EventCountry "CRO"]
[Source "lmi"]
[SourceDate "2009.11.28"]

1. c4 e6 2. e3 d5 3. Nf3 c6 4. b3 Nf6 5. Bb2 Nbd7 6. d4 Bb4+ 7. Nbd2 O-O 8. Bd3
Ne4 9. a3 Bxd2+ 10. Nxd2 f5 11. O-O b6 12. f3 Nd6 13. Qe2 Nf6 14. e4 dxe4 15.
fxe4 Ndxe4 16. Nxe4 Nxe4 17. Bxe4 fxe4 18. Qxe4 Bd7 19. Rxf8+ Qxf8 20. Rf1 Qd6
21. Rf4 Rf8 22. Rh4 h6 23. Rxh6 Rf7 24. Rh4 Rf5 25. g4 Rf4 26. Qh7+ Kf7 27. g5
Rxh4 28. Qxh4 Kg6 29. Bc1 Qf8 30. Qe4+ Qf5 31. Qxf5+ Kxf5 32. Kf2 Be8 33. Ke2
Ke4 34. Kd2 Bh5 35. Kc3 g6 36. a4 a6 37. Ba3 e5 38. dxe5 Kxe5 39. Be7 Bd1 40.
h4 b5 41. a5 bxc4 42. bxc4 Be2 43. Kb4 Ke6 44. Bf6 Kf7 45. Kc5 Ke6 46. Bd4 Kf7
47. Bc3 Bf1 1/2-1/2

[Event "Open Mediterranean 2017"]
[Site "Rijeka CRO"]
[Date "2009.12.01"]
[Round "5.21"]
[White "Sale, Srdjan"]
[Black "Klobucar, Dean"]
[Result "1-0"]
[WhiteElo "2399"]
[BlackElo "2174"]
[PlyCount "43"]
[EventDate "2009.11.28"]
[EventType "swiss"]
[EventRounds "9"]
[EventCountry "CRO"]
[Source "lmi"]
[SourceDate "2009.11.28"]

1. e4 e6 2. d3 d5 3. Nd2 Nf6 4. Ngf3 c5 5. g3 g6 6. Bg2 Bg7 7. O-O O-O 8. Re1
Nc6 9. c3 b5 10. exd5 exd5 11. Nb3 Qb6 12. Be3 Nd7 13. Ng5 d4 14. cxd4 cxd4 15.
Bf4 Bb7 16. Bd6 Rfe8 17. Nxf7 Nce5 18. Bxe5 Bxe5 19. Ng5 Nf6 20. Bxb7 Qxb7 21.
Qf3 Qg7 22. Rxe5 1-0

[Event "Open Mediterranean 2017"]
[Site "Rijeka CRO"]
[Date "2009.12.01"]
[Round "5.23"]
[White "Muskardin, Mario"]
[Black "Fucak, Emilijo"]
[Result "1/2-1/2"]
[WhiteElo "2067"]
[BlackElo "2291"]
[PlyCount "61"]
[EventDate "2009.11.28"]
[EventType "swiss"]
[EventRounds "9"]
[EventCountry "CRO"]
[Source "lmi"]
[SourceDate "2009.11.28"]

1. e4 e6 2. d4 d5 3. Nc3 Bb4 4. Bd3 dxe4 5. Bxe4 Nf6 6. Bg5 h6 7. Bxf6 Qxf6 8.
Nge2 Nc6 9. a3 Bxc3+ 10. bxc3 O-O 11. Ng3 Na5 12. O-O Rb8 13. Bd3 b6 14. f4 Bb7
15. Qg4 Qe7 16. f5 exf5 17. Qxf5 g6 18. Qf4 Rbe8 19. Rae1 Qxe1 20. Rxe1 Rxe1+
21. Kf2 Re6 22. Qxh6 Rf6+ 23. Nf5 Rxf5+ 24. Bxf5 gxf5 25. Qg5+ Kh8 26. Qh4+ Kg7
27. Qg3+ Kf6 28. Qe5+ Kg6 29. Qg3+ Kf6 30. Qe5+ Kg6 31. Qg3+ 1/2-1/2

[Event "Open Mediterranean 2017"]
[Site "Rijeka CRO"]
[Date "2009.12.01"]
[Round "5.24"]
[White "Ciganovic, Nikola"]
[Black "Antunovic, Ivo"]
[Result "1/2-1/2"]
[WhiteElo "2276"]
[BlackElo "2132"]
[PlyCount "23"]
[EventDate "2009.11.28"]
[EventType "swiss"]
[EventRounds "9"]
[EventCountry "CRO"]
[Source "lmi"]
[SourceDate "2009.11.28"]

1. e4 d6 2. d4 Nf6 3. Nc3 g6 4. f4 Bg7 5. Nf3 O-O 6. Bd3 Na6 7. O-O c5 8. d5
Bg4 9. Bc4 Nd7 10. a4 Nc7 11. h3 Bxf3 12. Qxf3 1/2-1/2

[Event "Open Mediterranean 2017"]
[Site "Rijeka CRO"]
[Date "2009.12.01"]
[Round "5.25"]
[White "Urukalovic, Roman"]
[Black "Nilsen, Joachim Birger"]
[Result "1-0"]
[WhiteElo "2237"]
[BlackElo "2126"]
[PlyCount "81"]
[EventDate "2009.11.28"]
[EventType "swiss"]
[EventRounds "9"]
[EventCountry "CRO"]
[Source "lmi"]
[SourceDate "2009.11.28"]

1. e4 c5 2. Nf3 d6 3. d4 cxd4 4. Nxd4 Nf6 5. Nc3 g6 6. Be3 Bg7 7. f3 O-O 8. Qd2
Nc6 9. O-O-O d5 10. exd5 Nxd5 11. Nxc6 bxc6 12. Nxd5 cxd5 13. Bh6 Bxh6 14. Qxh6
Qb6 15. h4 Rb8 16. b3 Qf6 17. Kb1 Be6 18. Bd3 Qg7 19. Qg5 Rb7 20. h5 a5 21.
hxg6 fxg6 22. Rhe1 Bf5 23. g4 h6 24. Qe3 Bxd3 25. Rxd3 a4 26. Rxd5 axb3 27.
axb3 Kh7 28. Re5 Ra8 29. Qe4 Raa7 30. g5 h5 31. f4 Rb5 32. Qd3 Rba5 33. Rxa5
Rxa5 34. c3 Rf5 35. Qe3 e5 36. fxe5 Qb7 37. Kb2 Rf3 38. Qd2 Qa7 39. e6 Rf2 40.
Re2 Rf1 41. Qd7+ 1-0

[Event "Open Mediterranean 2017"]
[Site "Rijeka CRO"]
[Date "2009.12.01"]
[Round "5.26"]
[White "Noordhoek, Henk"]
[Black "Franciskovic, Borka"]
[Result "0-1"]
[WhiteElo "2087"]
[BlackElo "2215"]
[PlyCount "112"]
[EventDate "2009.11.28"]
[EventType "swiss"]
[EventRounds "9"]
[EventCountry "CRO"]
[Source "lmi"]
[SourceDate "2009.11.28"]

1. e4 c6 2. d4 d5 3. exd5 cxd5 4. Bd3 Nc6 5. c3 Qc7 6. h3 Nf6 7. Ne2 e5 8. dxe5
Nxe5 9. Nd4 a6 10. O-O Bd6 11. Re1 O-O 12. Bg5 Nxd3 13. Qxd3 Ne4 14. Be3 Bd7
15. Nd2 Rae8 16. Rad1 Nc5 17. Qb1 Qc8 18. N2f3 Bb8 19. Qc1 Qc7 20. Ne2 Ne6 21.
Ned4 Ba4 22. b3 Bd7 23. Ne2 Rc8 24. Qd2 Bc6 25. Ned4 Rcd8 26. Rc1 Rfe8 27. Rcd1
Bd7 28. Rc1 b5 29. Nxe6 Bxe6 30. Bd4 f6 31. Qd3 Qf4 32. Be3 Qd6 33. Bd4 Bf7 34.
g3 Qd7 35. Kh2 Bg6 36. Qd1 Bf5 37. h4 Re4 38. Qd2 Rde8 39. Re3 Bg4 40. Kg2 Bh3+
41. Kg1 Bf4 42. Rxe4 Bxd2 43. Rxe8+ Qxe8 44. Nxd2 Qe2 45. Be3 Kf7 46. Kh2 Bf5
47. Kg1 h6 48. Ra1 Bd7 49. a4 bxa4 50. bxa4 Bxa4 51. Kg2 Bc6 52. Kg1 Bb5 53.
Kg2 Qd3 54. Nf3 Qe4 55. Re1 g5 56. Bc5 Be2 0-1

[Event "Open Mediterranean 2017"]
[Site "Rijeka CRO"]
[Date "2009.12.01"]
[Round "5.27"]
[White "Skrbin, Kresimir"]
[Black "Draskovic, Luka"]
[Result "1-0"]
[WhiteElo "2215"]
[BlackElo "2113"]
[PlyCount "117"]
[EventDate "2009.11.28"]
[EventType "swiss"]
[EventRounds "9"]
[EventCountry "CRO"]
[Source "lmi"]
[SourceDate "2009.11.28"]

1. d4 Nf6 2. Nf3 e6 3. c4 b6 4. g3 Ba6 5. b3 Bb4+ 6. Bd2 Be7 7. Bg2 c6 8. Bc3
d5 9. Ne5 Nfd7 10. Nxd7 Nxd7 11. Nd2 O-O 12. O-O Bb7 13. e4 dxe4 14. Nxe4 Nf6
15. Qe2 Qc7 16. Rad1 Rfd8 17. Rd3 h6 18. Rfd1 Nxe4 19. Bxe4 Bf6 20. Qf3 Rd6 21.
c5 Rd5 22. Bxd5 cxd5 23. Qf4 Qc6 24. Qd6 Qb5 25. c6 Qxc6 26. Qxc6 Bxc6 27. Bb2
Bd7 28. Rc1 Bd8 29. Ba3 f6 30. Bd6 Kf7 31. f4 g6 32. Kf2 Ke8 33. Rdc3 Bb5 34.
g4 Bd7 35. Rh3 Kf7 36. Rxh6 Kg7 37. Rh3 b5 38. Rd3 a5 39. h4 Ra6 40. Bc7 Be7
41. Bxa5 Bd6 42. Bc7 Rxa2+ 43. Kg3 Bb4 44. g5 Ba3 45. gxf6+ Kf7 46. Rh1 Kxf6
47. h5 gxh5 48. Rxh5 Bf8 49. Be5+ Kg6 50. Rg5+ Kf7 51. Rc3 Rb2 52. Rc7 Rxb3+
53. Kf2 Ke7 54. Rh5 Rb2+ 55. Kf3 Rb3+ 56. Kg4 Kd8 57. Rh8 Ke8 58. Bd6 e5+ 59.
f5 1-0

[Event "Open Mediterranean 2017"]
[Site "Rijeka CRO"]
[Date "2009.12.01"]
[Round "5.28"]
[White "Mitkov, Marjan"]
[Black "Spika, Ivica"]
[Result "1-0"]
[WhiteElo "2395"]
[BlackElo "2086"]
[PlyCount "61"]
[EventDate "2009.11.28"]
[EventType "swiss"]
[EventRounds "9"]
[EventCountry "CRO"]
[Source "lmi"]
[SourceDate "2009.11.28"]

1. d4 d5 2. c4 e6 3. Nc3 Nf6 4. Nf3 c6 5. e3 Nbd7 6. Qc2 Be7 7. Bd3 dxc4 8.
Bxc4 b5 9. Be2 a6 10. O-O Bb7 11. Rd1 Qb6 12. Ne5 O-O 13. e4 Rfd8 14. Be3 Qc7
15. Nxd7 Nxd7 16. Rac1 Rac8 17. Bg4 Qb8 18. a3 a5 19. Qb1 b4 20. axb4 axb4 21.
Na4 Nf6 22. Bh3 Ba6 23. Nc5 Be2 24. Re1 Bg4 25. e5 Bxh3 26. exf6 Bxc5 27. Rxc5
Bf5 28. Qc1 Qd6 29. fxg7 Be4 30. Bf4 Qd5 31. Rxd5 1-0